000 01813nam a2200229Ia 4500
008 260220t2007||||xx |||||||||||||| ||spa||
040 _aPY-SlUNAC
_bspa
_erda
041 _aspa
082 _a551.6
_bP943c
245 0 _aCambio climático :
_briesgo, vulnerabilidad del desafío de adaptación en el Paraguay
264 _aAsunción :
_bMercurio,
_c℗2007.
300 _a1 volumen
520 _aEl libro "Cambio climático: riesgo, vulnerabilidad del desafío de adaptación en el Paraguay" examina las implicaciones del cambio climático en el contexto paraguayo, abordando los riesgos asociados y la vulnerabilidad de diversas comunidades y ecosistemas. A través de un análisis exhaustivo, se identifican las principales amenazas que enfrenta el país, como el aumento de temperaturas, la variabilidad en las precipitaciones y su impacto en la agricultura, la salud y la seguridad hídrica. Asimismo, se discuten las capacidades de adaptación existentes y la necesidad de implementar políticas efectivas que fomenten la resiliencia ante estos desafíos ambientales. El texto enfatiza la importancia de la investigación científica y la colaboración interinstitucional para desarrollar estrategias que mitiguen los efectos adversos del cambio climático. Además, se presentan estudios de caso que ilustran las realidades locales y se proponen recomendaciones prácticas para fortalecer la adaptación y asegurar un desarrollo sostenible en Paraguay, resaltando la urgencia de actuar frente a esta problemática global.
653 _aAdaptación al cambio climático
653 _aCambio climático
653 _aVulnerabilidad
942 _b2026/02/17
_cBK
999 _c8064
_d8064